Song Titles: Missing Names - 1990's - Statistics

General Stats
  • This quiz has been taken 146 times
  • The average score is 7 of 20
Answer Stats
Artist Song Title % Correct
Rednex Cotton Eye {Joe}
92%
Aqua {Barbie} Girl
88%
Seal Kiss From A {Rose}
82%
Weezer {Buddy} Holly
80%
REM What's The Frequency {Kenneth}
64%
OMD {Pandora}'s Box
50%
The Shamen {Ebeneezer} Goode
28%
Space with Cerys of Catatonia The Ballad Of {Tom} Jones
26%
Nirvana {Frances} Farmer Will Have Her Revenge On Seattle
21%
Placebo {Nancy} Boy
18%
Lemonheads It's A Shame About {Ray}
17%
Spin Doctors {Jimmy} Olsen's Blues
17%
Suede Metal {Mickey}
17%
Supergrass {Richard} III
17%
Morrissey Dagenham {Dave}
16%
Sleeper Nice Guy {Eddie}
14%
Manic Street Preachers {Kevin} Carter
13%
Eels {Susan}'s House
12%
Blur {Tracy} Jacks
12%
PJ Harvey C'Mon {Billy}
6%
No matching quizzes found
Score Distribution
Percent of People with Each Score
Percentile by Number Answered
Your Score History
You have not taken this quiz